Southville International School and Colleges
Your cart is empty.
  • Cart
  • Lists
    Public lists Eva Luna New books Lux_list list_1
    Your lists Log in to create your own lists
  • Log in to your account
  • Your cookies
  • Search history
Southville International School and Colleges
  • Advanced search
  • Recent comments
  • Most popular
  • Libraries

Log in to your account

Log in with GOOGLE


If you do not have an external account, but do have a local account, you can still log in:

  1. Home
  2. MARC view: Paragraph practice :
Normal view MARC view ISBD view

Paragraph practice : (Record no. 9395)

[ view plain ]
MARC details
000 -LEADER
fixed length control field 00836cam a2200265 a 4500
001 - CONTROL NUMBER
control field 2822305
003 - CONTROL NUMBER IDENTIFIER
control field SISC
005 - DATE AND TIME OF LATEST TRANSACTION
control field 20160317092958.0
008 - FIXED-LENGTH DATA ELEMENTS--GENERAL INFORMATION
fixed length control field 830124s1984 nyua 000 0 eng
010 ## - LIBRARY OF CONGRESS CONTROL NUMBER
LC control number 83001027
020 ## - INTERNATIONAL STANDARD BOOK NUMBER
International Standard Book Number 0024183407 (pbk.)
040 ## - CATALOGING SOURCE
Original cataloging agency DLC
Transcribing agency DLC
Modifying agency DLC
050 00 - LIBRARY OF CONGRESS CALL NUMBER
Classification number PE 1408
Item number .Su779 1967
082 00 - DEWEY DECIMAL CLASSIFICATION NUMBER
Classification number HS 808.042
Item number Su5 1984
100 1# - MAIN ENTRY--PERSONAL NAME
Personal name Sullivan, Kathleen E.
9 (RLIN) 13457
245 10 - TITLE STATEMENT
Title Paragraph practice :
Remainder of title writing the paragraph and the short composition /
Statement of responsibility, etc Kathleen E. Sullivan.
260 ## - PUBLICATION, DISTRIBUTION, ETC. (IMPRINT)
Place of publication, distribution, etc New York :
Name of publisher, distributor, etc Collier Macmillan,
Date of publication, distribution, etc c1967.
300 ## - PHYSICAL DESCRIPTION
Extent 196 p. :
Other physical details ill. ;
Dimensions 26 cm.
650 #0 - SUBJECT ADDED ENTRY--TOPICAL TERM
Topical term or geographic name as entry element English language
General subdivision Rhetoric.
9 (RLIN) 13458
650 #0 - SUBJECT ADDED ENTRY--TOPICAL TERM
Topical term or geographic name as entry element English language
General subdivision Paragraphs.
9 (RLIN) 13459
650 #0 - SUBJECT ADDED ENTRY--TOPICAL TERM
Topical term or geographic name as entry element Report writing.
9 (RLIN) 1734
906 ## - LOCAL DATA ELEMENT F, LDF (RLIN)
a 7
b cbc
c orignew
d 1
e ocip
f 19
g y-gencatlg
942 ## - ADDED ENTRY ELEMENTS (KOHA)
Source of classification or shelving scheme Library of Congress Classification
Koha item type Books
Holdings
Withdrawn status Lost status Source of classification or shelving scheme Damaged status Home library Current library Shelving location Date acquired Total Checkouts Total Renewals Full call number Barcode Date last seen Date checked out Copy number Price effective from Koha item type
    Library of Congress Classification   Luxembourg Library Luxembourg Library High School Section 08/24/2013 1 23 PE 1408 .Su779 1967 9075 12/05/2017 05/16/2017 1 08/24/2013 Books

Paragraph practice :

APA

Sullivan K. E., . (1967). Paragraph practice. New York: Collier Macmillan.

Chicago

Sullivan Kathleen E, . 1967. Paragraph practice. New York: Collier Macmillan.

Harvard

Sullivan K. E., . (1967). Paragraph practice. New York: Collier Macmillan.

MLA

Sullivan Kathleen E, . Paragraph practice. New York: Collier Macmillan. 1967.

  • Place hold
  • Print
  • Cite
  • Add to your cart (remove)
  • Save record
    BIBTEX Dublin Core MARCXML MARC (non-Unicode/MARC-8) MARC (Unicode/UTF-8) MARC (Unicode/UTF-8, Standard) MODS (XML) RIS
  • More searches
    Search for this title in:
    Other Libraries (WorldCat) Other Databases (Google Scholar) Online Stores (Bookfinder.com) Open Library (openlibrary.org)

Exporting to Dublin Core...

SOUTHVILLE LIBRARY

Southville International School and Colleges Library

1281 Tropical Ave. Cor. Luxembourg St., BF Homes International, Las Pinas City

Tel. No. 8256374 / 252358 Loc. 117/146

Powered by Koha